Loading...
| History - Other | 0 | 4 | 0 | 1 | 40 | 81 | 107.50 | 1 | 3 | 6.03 | 24.24 |
| History - American | 0 | 3 | 0 | 0 | 30 | 34 | 66.33 | 2 | 3 | 12.50 | 24.24 |
| Current Events | 0 | 2 | 0 | 0 | 20 | 92 | 94.50 | 0 | 2 | 17.96 | 55.56 |
| Geography | 0 | 2 | 0 | 1 | 20 | 90 | 108.00 | 0 | 1 | 8.33 | 20.83 |
| History - World | 0 | 2 | 0 | 0 | 20 | 44 | 72.50 | 1 | 2 | 8.17 | 15.15 |
| Pop Culture | 0 | 2 | 0 | 0 | 20 | 39 | 88.50 | 0 | 1 | 27.18 | 38.89 |
| Science - Biology | 0 | 2 | 0 | 0 | 20 | 93 | 104.50 | 0 | 1 | 2.08 | 9.09 |
| Religion | 0 | 3 | 3 | 1 | 15 | 67 | 93.33 | 0 | 2 | 8.79 | 15.15 |
| Literature - British | 0 | 1 | 0 | 0 | 10 | 138 | 138.00 | 0 | 1 | 0.07 | 6.06 |
| Philosophy | 0 | 1 | 0 | 0 | 10 | 126 | 126.00 | 0 | 0 | 0.73 | 3.03 |
| Science - Other | 0 | 1 | 0 | 0 | 10 | 122 | 122.00 | 0 | 0 | 0.00 | 1.52 |
| Fine Arts - Other | 0 | 1 | 0 | 0 | 10 | 27 | 27.00 | 1 | 1 | 7.31 | 9.09 |
| History - European | 0 | 1 | 1 | 0 | 5 | 60 | 60.00 | 0 | 1 | 4.69 | 7.58 |